000 00368nam a2200145Ia 4500
008 191201s2005 xx 000 0 und d
082 _a621.382
_bLAM
100 _aLATHI, B P
245 0 _aModern Digital and Analog Communication Systems
250 _a3rd
260 _aN.Delhi
_bOrefend Univ Press
_c2005
300 _a781
650 _aB.Tech(ECE)
942 _2ddc
_cBK
999 _c1417
_d1417